Loading...
| Current Events | 3 | 16.67 | 100% | 67% | 0% |
| Fine Arts - Auditory | 7 | 14.29 | 100% | 43% | 0% |
| Fine Arts - Other | 7 | 21.43 | 100% | 71% | 43% |
| Fine Arts - Visual | 8 | 18.75 | 88% | 75% | 25% |
| Geography | 4 | 15.00 | 100% | 50% | 0% |
| History - American | 6 | 16.67 | 100% | 67% | 0% |
| History - Ancient | 1 | 20.00 | 100% | 100% | 0% |
| History - Ancient/Other | 2 | 20.00 | 100% | 50% | 50% |
| History - European | 6 | 21.67 | 100% | 100% | 17% |
| History - World | 7 | 20.00 | 86% | 100% | 14% |
| Literature - American | 5 | 22.00 | 100% | 80% | 40% |
| Literature - British | 5 | 16.00 | 100% | 60% | 0% |
| Literature - European | 4 | 17.50 | 100% | 50% | 25% |
| Literature - World | 5 | 18.00 | 100% | 80% | 0% |
| Mythology | 2 | 20.00 | 100% | 100% | 0% |
| Other Academic | 3 | 20.00 | 100% | 33% | 67% |
| Philosophy | 1 | 10.00 | 100% | 0% | 0% |
| Religion | 8 | 20.00 | 100% | 75% | 25% |
| Science - Biology | 6 | 15.00 | 100% | 50% | 0% |
| Science - Chemistry | 6 | 13.33 | 100% | 33% | 0% |
| Science - Other | 7 | 14.29 | 100% | 43% | 0% |
| Science - Physics | 6 | 16.67 | 100% | 50% | 17% |
| Social Science | 6 | 20.00 | 100% | 83% | 17% |